| 000 | 00475nam a2200157Ia 4500 | ||
|---|---|---|---|
| 008 | 230907s9999||||xx |||||||||||||| ||und|| | ||
| 082 |
_a621.31 _bALI |
||
| 100 |
_aAli Abdullah (00000171750) _9116433 |
||
| 245 | 3 | _aAn Advance Rotor Design for 1kW H-Darrieus type Vertical Axis Wind Turbine / | |
| 260 |
_aUSPCAS-E, NUST, _bIslamabad : _c2019 |
||
| 300 | _a66 p. | ||
| 520 | _aTH-135 | ||
| 650 | _aMS-TEE Thesis MS Thesis | ||
| 700 | _aDr. Adeel Javed | ||
| 942 |
_cTHE _2ddc |
||
| 999 |
_c601814 _d601814 |
||